006810000a22002170004500003001100000005001700011008004100028040003900069041000800108082001600116100002800132245002300160260006000183300000800243490003100251650003600282650003200318942000700350952009100357999001500448LK-CoMWRAF20230922184622.0230817t1984 ||||| |||| 00| 0 eng d aLK-CoMWRAFdLK-CoMWRAFeLK-CoMWRAF aeng a297.38bGHA aGhali, Mohammad Mahmoud aAl-Salat :bPrayer aCairo :bThe Supreme Council for Islamic Affairs,c1984 a23p aEssentails of Islam Series aIslam -- Prayers and devotions  aMuslims -- Conduct of life  cBK 00104070aMAINbMAINd2023-08-17l0o297.38 GHApRAF1268r2023-08-17w2023-08-17yBK c2000d2000